| 000 | 00914nam a2200217 i 4500 | ||
|---|---|---|---|
| 001 | 46698 | ||
| 003 | ES-MaACL | ||
| 005 | 20230906161430.0 | ||
| 007 | t| | ||
| 008 | 030331m19311932sp 10110 spa d | ||
| 080 | _a001:061.31(469.411 L.)"1932" | ||
| 080 | _a061.31:001(469.411 L.)"1932" | ||
| 110 | 2 |
_aAsociación Española para el Progreso de las Ciencias. _bCongreso ( _n3º. _d1932. _cLisboa) _9175562 |
|
| 245 | 1 | 0 |
_aCongreso Decimotercero celebrado en la ciudad de Lisboa : _bdel 15 al 21 de mayo de 1932 / _cAsociación Española para el Progreso de las Ciencias. |
| 260 |
_aMadrid : _b[s.n., _c1931-1932] ( _fHuelves y Cía.) |
||
| 300 |
_a9 t. en 2 v. : _bil. ; _c24 cm. |
||
| 650 | 4 |
_aCiencia- _vCongresos y asambleas. _910938 |
|
| 650 | 4 |
_aCiencia- _zEspaña- _vCongresos y asambleas. _910942 |
|
| 710 | 2 |
_aAsociación Española para el Progreso de las Ciencias. _91705 |
|
| 852 | 4 |
_aES-MaACL _jD-8652-53 |
|
| 999 |
_c46698 _d46698 |
||